| 000 | 00631nam a22002055i 4500 | ||
|---|---|---|---|
| 001 | 177837 | ||
| 003 | ES-MaACL | ||
| 005 | 20230906220428.0 | ||
| 008 | 110429s1999 sp |||| | spa d | ||
| 020 | _a84-95192-37-3 | ||
| 080 | _a821.134.2-14"19" | ||
| 100 | 1 |
_aDaudet, Elvira. _942800 |
|
| 245 | 1 | 0 |
_aTerrenal y Marina / _cElvira Daudet. |
| 260 |
_aCuenca : _bDiputación Provincial de Cuenca, _cimp. 1999. |
||
| 300 |
_a57 p. ; _c21 cm. |
||
| 490 | 1 |
_aColección Golfo de Europa. Poesía ; _v5 |
|
| 830 | 0 |
_aColección Golfo de Europa. Poesía ; _v5 _9190607 |
|
| 852 |
_aES-MaACL _j2296-F-5 |
||
| 999 |
_c177837 _d177837 |
||